[Event "DEM U18w 2024"]
[Site "Willingen GER"]
[Date "2024.05.22"]
[Round "6"]
[White "Hellenbroich, Helene"]
[Black "Luzgina, Anastasiia"]
[Result "1/2-1/2"]
[Termination "normal"]
[Board "10"]
[WhiteElo "1640"]
[BlackElo "1665"]
[WhiteClock "01:00:48"]
[BlackClock "01:17:27"]
[PlyCount "41"]
[WhiteFideId "16270754"]
[BlackFideId "24280860"]
[EventCountry "GER"]
[EventRounds "9"]
[EventType "swiss"]
[EventDate "2024.05.18"]

1. d4 {[%clk 01:30:47]} {[%emt 00:00:07]} d5 {[%clk 01:30:55]} {[%emt
00:00:05]} 2. Nf3 {[%clk 01:31:11]} {[%emt 00:00:07]} Nf6 {[%clk 01:31:09]}
{[%emt 00:00:13]} 3. g3 {[%clk 01:31:29]} {[%emt 00:00:15]} e6 {[%clk
01:31:29]} {[%emt 00:00:10]} 4. Bg2 {[%clk 01:31:43]} {[%emt 00:00:15]} c5
{[%clk 01:31:52]} {[%emt 00:00:07]} 5. O-O {[%clk 01:31:27]} {[%emt 00:00:46]}
cxd4 {[%clk 01:31:36]} {[%emt 00:00:47]} 6. Nxd4 {[%clk 01:27:58]} {[%emt
00:03:59]} Nc6 {[%clk 01:31:49]} {[%emt 00:00:16]} 7. b3 {[%clk 01:24:23]}
{[%emt 00:04:06]} Bc5 {[%clk 01:31:45]} {[%emt 00:00:33]} 8. Bb2 {[%clk
01:23:37]} {[%emt 00:01:16]} O-O {[%clk 01:31:58]} {[%emt 00:00:17]} 9. c4
{[%clk 01:14:27]} {[%emt 00:09:40]} Bxd4 {[%clk 01:22:42]} {[%emt 00:09:46]}
10. Bxd4 {[%clk 01:14:30]} {[%emt 00:00:28]} Nxd4 {[%clk 01:23:06]} {[%emt
00:00:06]} 11. Qxd4 {[%clk 01:14:51]} {[%emt 00:00:09]} dxc4 {[%clk 01:23:33]}
{[%emt 00:00:03]} 12. Qxc4 {[%clk 01:14:21]} {[%emt 00:01:01]} e5 {[%clk
01:22:46]} {[%emt 00:01:15]} 13. Qc2 {[%clk 01:08:08]} {[%emt 00:06:43]} Qe7
{[%clk 01:22:19]} {[%emt 00:00:56]} 14. Nd2 {[%clk 01:05:25]} {[%emt 00:03:15]}
Be6 {[%clk 01:22:27]} {[%emt 00:00:20]} 15. Ne4 {[%clk 01:03:40]} {[%emt
00:02:16]} Rac8 {[%clk 01:22:11]} {[%emt 00:00:47]} 16. Qb2 {[%clk 01:03:17]}
{[%emt 00:00:54]} Nxe4 {[%clk 01:19:33]} {[%emt 00:03:07]} 17. Bxe4 {[%clk
01:03:40]} {[%emt 00:00:07]} f5 {[%clk 01:17:41]} {[%emt 00:02:22]} 18. Bg2
{[%clk 01:01:56]} {[%emt 00:02:14]} e4 {[%clk 01:17:43]} {[%emt 00:00:28]} 19.
Rac1 {[%clk 01:00:56]} {[%emt 00:01:29]} Rfd8 {[%clk 01:17:27]} {[%emt
00:00:45]} 20. Rxc8 {[%clk 01:00:47]} {[%emt 00:00:41]} Rxc8 {[%clk 01:17:27]}
{[%emt 00:00:29]} 21. Rc1 {[%clk 01:00:48]} {[%emt 00:00:29]} 1/2-1/2

[Event "DEM U18w 2024"]
[Site "Willingen GER"]
[Date "2024.05.22"]
[Round "6"]
[White "Köpnick, Amanda"]
[Black "Schirmer, Sara"]
[Result "1/2-1/2"]
[Termination "normal"]
[Board "11"]
[WhiteElo "1636"]
[BlackElo "1638"]
[WhiteClock "00:21:32"]
[BlackClock "00:14:47"]
[PlyCount "109"]
[WhiteFideId "34618538"]
[BlackFideId "16297580"]
[EventCountry "GER"]
[EventRounds "9"]
[EventType "swiss"]
[EventDate "2024.05.18"]

1. e4 {[%clk 01:30:56]} {[%emt 00:00:04]} c5 {[%clk 01:30:55]} {[%emt
00:00:06]} 2. Nf3 {[%clk 01:31:02]} {[%emt 00:00:24]} Nc6 {[%clk 01:31:18]}
{[%emt 00:00:06]} 3. d4 {[%clk 01:31:21]} {[%emt 00:00:11]} cxd4 {[%clk
01:31:43]} {[%emt 00:00:06]} 4. Nxd4 {[%clk 01:31:38]} {[%emt 00:00:13]} g6
{[%clk 01:32:03]} {[%emt 00:00:08]} 5. c4 {[%clk 01:31:53]} {[%emt 00:00:16]}
d6 {[%clk 01:32:00]} {[%emt 00:00:34]} 6. Be3 {[%clk 01:30:58]} {[%emt
00:01:25]} Nf6 {[%clk 01:32:19]} {[%emt 00:00:12]} 7. Nc3 {[%clk 01:31:04]}
{[%emt 00:00:24]} Ng4 {[%clk 01:32:16]} {[%emt 00:00:32]} 8. Nxc6 {[%clk
01:29:09]} {[%emt 00:02:25]} bxc6 {[%clk 01:32:36]} {[%emt 00:00:10]} 9. Qd2
{[%clk 01:25:43]} {[%emt 00:03:56]} Nxe3 {[%clk 01:32:39]} {[%emt 00:00:26]}
10. Qxe3 {[%clk 01:26:02]} {[%emt 00:00:11]} Bg7 {[%clk 01:32:17]} {[%emt
00:00:53]} 11. Be2 {[%clk 01:24:19]} {[%emt 00:02:13]} O-O {[%clk 01:32:23]}
{[%emt 00:00:23]} 12. O-O {[%clk 01:24:34]} {[%emt 00:00:15]} a5 {[%clk
01:26:23]} {[%emt 00:06:31]} 13. Rac1 {[%clk 01:14:00]} {[%emt 00:11:04]} Bd7
{[%clk 01:10:17]} {[%emt 00:16:36]} 14. c5 {[%clk 01:10:32]} {[%emt 00:03:57]}
Qb8 {[%clk 01:03:09]} {[%emt 00:07:39]} 15. b3 {[%clk 01:07:13]} {[%emt
00:03:48]} Qb4 {[%clk 00:44:28]} {[%emt 00:19:11]} 16. Rfd1 {[%clk 01:03:23]}
{[%emt 00:04:21]} Rfd8 {[%clk 00:44:40]} {[%emt 00:00:18]} 17. Na4 {[%clk
01:01:38]} {[%emt 00:02:14]} Be6 {[%clk 00:40:37]} {[%emt 00:04:34]} 18. cxd6
{[%clk 00:58:13]} {[%emt 00:03:55]} Rxd6 {[%clk 00:33:49]} {[%emt 00:07:18]}
19. Rxd6 {[%clk 00:54:27]} {[%emt 00:04:16]} exd6 {[%clk 00:33:39]} {[%emt
00:00:40]} 20. Bf3 {[%clk 00:42:47]} {[%emt 00:12:10]} Rc8 {[%clk 00:27:31]}
{[%emt 00:06:38]} 21. Qd3 {[%clk 00:35:09]} {[%emt 00:08:07]} Be5 {[%clk
00:24:32]} {[%emt 00:03:29]} 22. g3 {[%clk 00:32:07]} {[%emt 00:03:32]} c5
{[%clk 00:24:38]} {[%emt 00:00:25]} 23. Qd1 {[%clk 00:25:41]} {[%emt 00:06:55]}
c4 {[%clk 00:23:11]} {[%emt 00:01:58]} 24. Bg4 {[%clk 00:16:44]} {[%emt
00:09:27]} cxb3 {[%clk 00:17:09]} {[%emt 00:06:32]} 25. Rxc8+ {[%clk 00:15:31]}
{[%emt 00:01:42]} Bxc8 {[%clk 00:17:32]} {[%emt 00:00:08]} 26. axb3 {[%clk
00:13:52]} {[%emt 00:02:08]} Bxg4 {[%clk 00:10:02]} {[%emt 00:08:00]} 27. Qxg4
{[%clk 00:14:15]} {[%emt 00:00:07]} Qxb3 {[%clk 00:10:23]} {[%emt 00:00:08]}
28. Qd7 {[%clk 00:14:29]} {[%emt 00:00:18]} Qb1+ {[%clk 00:10:30]} {[%emt
00:00:22]} 29. Kg2 {[%clk 00:14:26]} {[%emt 00:00:33]} Qxe4+ {[%clk 00:10:55]}
{[%emt 00:00:06]} 30. Kf1 {[%clk 00:08:33]} {[%emt 00:06:23]} Qh1+ {[%clk
00:07:17]} {[%emt 00:04:07]} 31. Ke2 {[%clk 00:08:56]} {[%emt 00:00:07]} Qxh2
{[%clk 00:07:13]} {[%emt 00:00:34]} 32. Qd8+ {[%clk 00:07:54]} {[%emt
00:01:32]} Kg7 {[%clk 00:07:39]} {[%emt 00:00:04]} 33. Qxa5 {[%clk 00:07:47]}
{[%emt 00:00:37]} Bxg3 {[%clk 00:07:55]} {[%emt 00:00:14]} 34. Qc3+ {[%clk
00:06:22]} {[%emt 00:01:54]} Be5 {[%clk 00:08:18]} {[%emt 00:00:08]} 35. Qd3
{[%clk 00:05:42]} {[%emt 00:01:10]} Qh5+ {[%clk 00:08:29]} {[%emt 00:00:20]}
36. Kf1 {[%clk 00:05:29]} {[%emt 00:00:42]} Qh1+ {[%clk 00:04:43]} {[%emt
00:04:17]} 37. Ke2 {[%clk 00:05:49]} {[%emt 00:00:10]} h5 {[%clk 00:04:34]}
{[%emt 00:00:39]} 38. Nb6 {[%clk 00:05:31]} {[%emt 00:00:48]} h4 {[%clk
00:03:34]} {[%emt 00:01:30]} 39. Nc4 {[%clk 00:04:47]} {[%emt 00:01:13]} Qg2
{[%clk 00:02:01]} {[%emt 00:01:57]} 40. Nxd6 {[%clk 00:01:44]} {[%emt
00:03:39]} Qg4+ {[%clk 00:01:06]} {[%emt 00:01:23]} 41. Kf1 {[%clk 00:30:08]}
{[%emt 00:02:09]} Bxd6 {[%clk 00:30:06]} {[%emt 00:01:30]} 42. Qxd6 {[%clk
00:29:52]} {[%emt 00:00:45]} h3 {[%clk 00:29:27]} {[%emt 00:01:10]} 43. Qe5+
{[%clk 00:29:38]} {[%emt 00:00:44]} Kh7 {[%clk 00:29:40]} {[%emt 00:00:16]} 44.
Qd5 {[%clk 00:26:58]} {[%emt 00:03:10]} Qg2+ {[%clk 00:26:06]} {[%emt
00:04:04]} 45. Qxg2 {[%clk 00:27:19]} {[%emt 00:00:09]} hxg2+ {[%clk 00:26:33]}
{[%emt 00:00:03]} 46. Kxg2 {[%clk 00:27:35]} {[%emt 00:00:14]} Kh6 {[%clk
00:27:01]} {[%emt 00:00:03]} 47. Kh2 {[%clk 00:27:44]} {[%emt 00:00:20]} Kg5
{[%clk 00:27:14]} {[%emt 00:00:17]} 48. Kg3 {[%clk 00:27:22]} {[%emt 00:00:52]}
Kf5 {[%clk 00:27:28]} {[%emt 00:00:16]} 49. Kf3 {[%clk 00:26:41]} {[%emt
00:01:11]} f6 {[%clk 00:26:38]} {[%emt 00:01:21]} 50. Kg3 {[%clk 00:26:55]}
{[%emt 00:00:16]} Ke4 {[%clk 00:25:51]} {[%emt 00:01:16]} 51. Kg4 {[%clk
00:26:21]} {[%emt 00:04:24]} f5 {[%clk 00:25:08]} {[%emt 00:01:19]} 52. Kg5
{[%clk 00:21:49]} {[%emt 00:05:01]} Kf3 {[%clk 00:14:41]} {[%emt 00:10:57]} 53.
Kxg6 {[%clk 00:21:39]} {[%emt 00:00:40]} Kg4 {[%clk 00:14:46]} {[%emt
00:00:25]} 54. f3+ {[%clk 00:21:07]} {[%emt 00:01:03]} Kxf3 {[%clk 00:14:47]}
{[%emt 00:00:29]} 55. Kxf5 {[%clk 00:21:32]} {[%emt 00:00:05]} 1/2-1/2

[Event "DEM U18w 2024"]
[Site "Willingen GER"]
[Date "2024.05.23"]
[Round "7"]
[White "Sereda, Yaroslava"]
[Black "Buchholz, Maja Patricia"]
[Result "1-0"]
[Termination "normal"]
[Board "1"]
[WhiteElo "1925"]
[BlackElo "2030"]
[WhiteClock "00:05:32"]
[BlackClock "00:02:07"]
[PlyCount "43"]
[WhiteFideId "14178940"]
[BlackFideId "16200500"]
[EventCountry "GER"]
[EventRounds "9"]
[EventType "swiss"]
[EventDate "2024.05.18"]

1. e4 {[%clk 01:30:58]} e6 {[%clk 01:30:52]} {[%emt 00:00:09]} 2. d4 {[%clk
01:31:20]} {[%emt 00:00:08]} d5 {[%clk 01:31:14]} {[%emt 00:00:07]} 3. Nc3
{[%clk 01:31:34]} {[%emt 00:00:17]} Nf6 {[%clk 01:31:36]} {[%emt 00:00:08]} 4.
e5 {[%clk 01:31:41]} {[%emt 00:00:24]} Nfd7 {[%clk 01:31:59]} {[%emt 00:00:06]}
5. Nf3 {[%clk 01:31:33]} {[%emt 00:00:38]} c5 {[%clk 01:32:14]} {[%emt
00:00:14]} 6. dxc5 {[%clk 01:31:40]} {[%emt 00:00:24]} Nc6 {[%clk 01:29:50]}
{[%emt 00:02:54]} 7. Bf4 {[%clk 01:31:26]} {[%emt 00:00:44]} Bxc5 {[%clk
01:25:24]} {[%emt 00:04:56]} 8. Bd3 {[%clk 01:30:48]} {[%emt 00:01:08]} a6
{[%clk 01:16:03]} {[%emt 00:09:51]} 9. O-O {[%clk 01:28:19]} {[%emt 00:02:59]}
Qc7 {[%clk 01:13:17]} {[%emt 00:03:16]} 10. Re1 {[%clk 01:17:19]} {[%emt
00:11:30]} Qb6 {[%clk 01:07:46]} {[%emt 00:06:01]} 11. Qe2 {[%clk 00:56:37]}
{[%emt 00:21:12]} Qxb2 {[%clk 01:06:16]} {[%emt 00:02:00]} 12. Nxd5 {[%clk
00:27:48]} {[%emt 00:29:19]} exd5 {[%clk 00:54:45]} {[%emt 00:12:01]} 13. e6
{[%clk 00:27:47]} {[%emt 00:00:31]} Nf6 {[%clk 00:50:26]} {[%emt 00:04:49]} 14.
exf7+ {[%clk 00:24:00]} {[%emt 00:04:17]} Kxf7 {[%clk 00:49:19]} {[%emt
00:01:38]} 15. Ng5+ {[%clk 00:24:03]} {[%emt 00:00:26]} Kf8 {[%clk 00:36:15]}
{[%emt 00:13:33]} 16. Nxh7+ {[%clk 00:11:34]} {[%emt 00:13:00]} Rxh7 {[%clk
00:35:55]} {[%emt 00:00:50]} 17. Bxh7 {[%clk 00:11:45]} {[%emt 00:00:19]} Bg4
{[%clk 00:35:31]} {[%emt 00:00:54]} 18. Qd3 {[%clk 00:11:30]} {[%emt 00:00:45]}
Nb4 {[%clk 00:28:08]} {[%emt 00:07:53]} 19. Qg3 {[%clk 00:07:41]} {[%emt
00:04:18]} Rd8 {[%clk 00:19:19]} {[%emt 00:09:20]} 20. Be5 {[%clk 00:06:29]}
{[%emt 00:01:41]} d4 {[%clk 00:03:24]} {[%emt 00:16:25]} 21. Bxf6 {[%clk
00:06:28]} {[%emt 00:00:32]} Re8 {[%clk 00:02:07]} {[%emt 00:01:48]} 22. Qxg4
{[%clk 00:05:32]} {[%emt 00:01:24]} 1-0

[Event "DEM U18w 2024"]
[Site "Willingen GER"]
[Date "2024.05.23"]
[Round "7"]
[White "Fischer, Darja"]
[Black "Zhou, Lepu Coco"]
[Result "0-1"]
[Termination "normal"]
[Board "2"]
[WhiteElo "1843"]
[BlackElo "2040"]
[WhiteClock "00:25:59"]
[BlackClock "00:31:54"]
[PlyCount "108"]
[WhiteFideId "16240898"]
[BlackFideId "16217136"]
[EventCountry "GER"]
[EventRounds "9"]
[EventType "swiss"]
[EventDate "2024.05.18"]

1. d4 {[%clk 01:30:59]} d5 {[%clk 01:30:54]} {[%emt 00:00:06]} 2. Nf3 {[%clk
01:31:25]} {[%emt 00:00:04]} e6 {[%clk 01:30:52]} {[%emt 00:00:31]} 3. e3
{[%clk 01:31:46]} {[%emt 00:00:09]} Nf6 {[%clk 01:30:39]} {[%emt 00:00:43]} 4.
c4 {[%clk 01:32:10]} {[%emt 00:00:06]} c6 {[%clk 01:29:44]} {[%emt 00:01:26]}
5. Nbd2 {[%clk 01:32:30]} {[%emt 00:00:10]} Nbd7 {[%clk 01:28:15]} {[%emt
00:01:59]} 6. b3 {[%clk 01:32:42]} {[%emt 00:00:18]} Bb4 {[%clk 01:19:45]}
{[%emt 00:08:59]} 7. Bb2 {[%clk 01:29:02]} {[%emt 00:04:11]} O-O {[%clk
01:18:53]} {[%emt 00:01:22]} 8. Bd3 {[%clk 01:28:47]} {[%emt 00:00:44]} b6
{[%clk 01:16:32]} {[%emt 00:02:52]} 9. O-O {[%clk 01:28:49]} {[%emt 00:00:28]}
Bb7 {[%clk 01:14:27]} {[%emt 00:02:35]} 10. Qe2 {[%clk 01:28:12]} {[%emt
00:01:07]} Qc7 {[%clk 01:13:12]} {[%emt 00:01:45]} 11. Rac1 {[%clk 01:27:02]}
{[%emt 00:01:40]} Bd6 {[%clk 01:10:43]} {[%emt 00:02:58]} 12. e4 {[%clk
01:22:39]} {[%emt 00:04:53]} dxe4 {[%clk 01:09:32]} {[%emt 00:01:42]} 13. Nxe4
{[%clk 01:22:55]} {[%emt 00:00:14]} Nxe4 {[%clk 01:09:44]} {[%emt 00:00:18]}
14. Bxe4 {[%clk 01:23:17]} {[%emt 00:00:07]} Nf6 {[%clk 01:09:57]} {[%emt
00:00:17]} 15. Bd3 {[%clk 01:18:23]} {[%emt 00:05:24]} Rfe8 {[%clk 01:06:07]}
{[%emt 00:04:21]} 16. Ne5 {[%clk 01:13:44]} {[%emt 00:05:08]} c5 {[%clk
01:00:56]} {[%emt 00:05:42]} 17. Rfd1 {[%clk 01:09:10]} {[%emt 00:05:03]} Rad8
{[%clk 00:54:19]} {[%emt 00:07:07]} 18. dxc5 {[%clk 01:00:19]} {[%emt
00:09:22]} Bxc5 {[%clk 00:49:28]} {[%emt 00:05:21]} 19. Bc3 {[%clk 00:59:28]}
{[%emt 00:01:20]} Ba8 {[%clk 00:41:50]} {[%emt 00:08:08]} 20. b4 {[%clk
00:45:38]} {[%emt 00:14:21]} Qb7 {[%clk 00:41:44]} {[%emt 00:00:35]} 21. Qf1
{[%clk 00:44:36]} {[%emt 00:01:32]} Bd6 {[%clk 00:35:51]} {[%emt 00:06:23]} 22.
c5 {[%clk 00:30:58]} {[%emt 00:14:09]} bxc5 {[%clk 00:32:13]} {[%emt 00:04:08]}
23. Bb5 {[%clk 00:30:48]} {[%emt 00:00:40]} Rf8 {[%clk 00:27:43]} {[%emt
00:04:59]} 24. Nc6 {[%clk 00:30:51]} {[%emt 00:00:27]} Bxh2+ {[%clk 00:25:07]}
{[%emt 00:03:06]} 25. Kxh2 {[%clk 00:30:14]} {[%emt 00:01:07]} Rxd1 {[%clk
00:25:30]} {[%emt 00:00:08]} 26. Qxd1 {[%clk 00:24:51]} {[%emt 00:05:53]} Qxb5
{[%clk 00:25:17]} {[%emt 00:00:42]} 27. Bxf6 {[%clk 00:24:40]} {[%emt
00:00:42]} Qxc6 {[%clk 00:19:36]} {[%emt 00:06:10]} 28. Qg4 {[%clk 00:25:04]}
{[%emt 00:00:06]} Qxg2+ {[%clk 00:19:15]} {[%emt 00:00:51]} 29. Qxg2 {[%clk
00:25:29]} {[%emt 00:00:05]} Bxg2 {[%clk 00:19:40]} {[%emt 00:00:05]} 30. Be7
{[%clk 00:25:44]} {[%emt 00:00:15]} Re8 {[%clk 00:19:58]} {[%emt 00:00:12]} 31.
Bxc5 {[%clk 00:26:02]} {[%emt 00:00:12]} Bd5 {[%clk 00:20:18]} {[%emt
00:00:11]} 32. Bxa7 {[%clk 00:23:38]} {[%emt 00:02:53]} f5 {[%clk 00:13:12]}
{[%emt 00:07:37]} 33. a4 {[%clk 00:23:07]} {[%emt 00:01:01]} e5 {[%clk
00:13:21]} {[%emt 00:00:21]} 34. Rc5 {[%clk 00:13:11]} {[%emt 00:10:26]} Be4
{[%clk 00:12:53]} {[%emt 00:00:57]} 35. Rc3 {[%clk 00:11:47]} {[%emt 00:01:54]}
Ra8 {[%clk 00:09:52]} {[%emt 00:03:31]} 36. Rc7 {[%clk 00:11:53]} {[%emt
00:00:24]} Rd8 {[%clk 00:10:17]} {[%emt 00:00:05]} 37. Re7 {[%clk 00:11:06]}
{[%emt 00:01:18]} Rd6 {[%clk 00:05:43]} {[%emt 00:05:03]} 38. Rxe5 {[%clk
00:10:12]} {[%emt 00:01:25]} Ra6 {[%clk 00:06:04]} {[%emt 00:00:09]} 39. Bc5
{[%clk 00:09:47]} {[%emt 00:00:54]} Rxa4 {[%clk 00:06:05]} {[%emt 00:00:29]}
40. f3 {[%clk 00:10:07]} {[%emt 00:00:10]} Ra2+ {[%clk 00:05:54]} {[%emt
00:00:42]} 41. Kg3 {[%clk 00:10:11]} {[%emt 00:00:26]} Ra3 {[%clk 00:06:16]}
{[%emt 00:00:07]} 42. b5 {[%clk 00:08:24]} {[%emt 00:02:17]} Rxf3+ {[%clk
00:06:36]} {[%emt 00:00:10]} 43. Kh2 {[%clk 00:08:07]} {[%emt 00:00:47]} Rb3
{[%clk 00:06:57]} {[%emt 00:00:08]} 44. b6 {[%clk 00:07:49]} {[%emt 00:00:50]}
Rb5 {[%clk 00:07:20]} {[%emt 00:00:07]} 45. Re8+ {[%clk 00:07:26]} {[%emt
00:00:52]} Kf7 {[%clk 00:07:44]} {[%emt 00:00:07]} 46. Re7+ {[%clk 00:07:47]}
{[%emt 00:00:08]} Kf6 {[%clk 00:08:04]} {[%emt 00:00:09]} 47. Rc7 {[%clk
00:08:03]} {[%emt 00:00:16]} Ke5 {[%clk 00:02:17]} {[%emt 00:06:17]} 48. Be3
{[%clk 00:06:34]} {[%emt 00:01:58]} f4 {[%clk 00:02:03]} {[%emt 00:00:44]} 49.
Bg1 {[%clk 00:30:17]} {[%emt 00:06:47]} Rb2+ {[%clk 00:31:46]} {[%emt
00:00:47]} 50. Kh3 {[%clk 00:30:41]} {[%emt 00:00:05]} g5 {[%clk 00:31:16]}
{[%emt 00:01:00]} 51. Re7+ {[%clk 00:28:50]} {[%emt 00:02:22]} Kf5 {[%clk
00:30:58]} {[%emt 00:00:48]} 52. Rxh7 {[%clk 00:25:07]} {[%emt 00:04:13]} Bg2+
{[%clk 00:31:07]} {[%emt 00:00:21]} 53. Kh2 {[%clk 00:25:33]} {[%emt 00:00:03]}
Bf3+ {[%clk 00:31:29]} {[%emt 00:00:08]} 54. Kh3 {[%clk 00:25:59]} {[%emt
00:00:05]} Bg4# {[%clk 00:31:54]} {[%emt 00:00:04]} 0-1

[Event "DEM U18w 2024"]
[Site "Willingen GER"]
[Date "2024.05.23"]
[Round "7"]
[White "Werner, Rosalie"]
[Black "Voigt, Anastasia"]
[Result "0-1"]
[Termination "normal"]
[Board "3"]
[WhiteElo "1938"]
[BlackElo "1992"]
[WhiteClock "00:15:10"]
[BlackClock "00:36:52"]
[PlyCount "98"]
[WhiteFideId "16223748"]
[BlackFideId "16235223"]
[EventCountry "GER"]
[EventRounds "9"]
[EventType "swiss"]
[EventDate "2024.05.18"]

1. e4 {[%clk 01:30:57]} {[%emt 00:00:02]} c6 {[%clk 01:30:57]} {[%emt
00:00:04]} 2. d4 {[%clk 01:31:19]} {[%emt 00:00:08]} d5 {[%clk 01:31:21]}
{[%emt 00:00:06]} 3. Nc3 {[%clk 01:31:41]} {[%emt 00:00:08]} dxe4 {[%clk
01:31:44]} {[%emt 00:00:07]} 4. Nxe4 {[%clk 01:32:05]} {[%emt 00:00:06]} Nf6
{[%clk 01:32:10]} {[%emt 00:00:04]} 5. Nxf6+ {[%clk 01:32:24]} {[%emt
00:00:11]} exf6 {[%clk 01:32:36]} {[%emt 00:00:04]} 6. c3 {[%clk 01:32:48]}
{[%emt 00:00:07]} Bd6 {[%clk 01:33:00]} {[%emt 00:00:05]} 7. Bd3 {[%clk
01:33:11]} {[%emt 00:00:07]} O-O {[%clk 01:33:26]} {[%emt 00:00:04]} 8. Qc2
{[%clk 01:33:37]} {[%emt 00:00:05]} Re8+ {[%clk 01:33:49]} {[%emt 00:00:07]} 9.
Ne2 {[%clk 01:34:02]} {[%emt 00:00:04]} h5 {[%clk 01:34:13]} {[%emt 00:00:05]}
10. Be3 {[%clk 01:34:18]} {[%emt 00:00:15]} Nd7 {[%clk 01:34:34]} {[%emt
00:00:09]} 11. O-O-O {[%clk 01:34:34]} {[%emt 00:00:14]} b5 {[%clk 01:34:53]}
{[%emt 00:00:11]} 12. d5 {[%clk 01:10:30]} {[%emt 00:24:34]} c5 {[%clk
01:35:17]} {[%emt 00:00:06]} 13. Bxb5 {[%clk 01:08:40]} {[%emt 00:02:20]} Rb8
{[%clk 01:34:53]} {[%emt 00:00:54]} 14. Bd3 {[%clk 01:00:37]} {[%emt 00:08:33]}
Qa5 {[%clk 01:32:54]} {[%emt 00:02:29]} 15. Kb1 {[%clk 00:53:33]} {[%emt
00:07:34]} Ne5 {[%clk 01:30:09]} {[%emt 00:03:15]} 16. Ng3 {[%clk 00:43:54]}
{[%emt 00:10:08]} Nxd3 {[%clk 01:08:09]} {[%emt 00:22:30]} 17. Qxd3 {[%clk
00:42:09]} {[%emt 00:02:15]} g6 {[%clk 01:07:13]} {[%emt 00:01:26]} 18. Ka1
{[%clk 00:39:13]} {[%emt 00:03:26]} Ba6 {[%clk 01:06:12]} {[%emt 00:01:32]} 19.
Qb1 {[%clk 00:27:53]} {[%emt 00:11:49]} Bc4 {[%clk 01:01:25]} {[%emt 00:05:17]}
20. Nf1 {[%clk 00:21:13]} {[%emt 00:07:10]} Be5 {[%clk 01:00:52]} {[%emt
00:01:03]} 21. Bd2 {[%clk 00:15:52]} {[%emt 00:05:52]} f5 {[%clk 00:52:52]}
{[%emt 00:08:30]} 22. Ne3 {[%clk 00:14:14]} {[%emt 00:02:08]} Bb3 {[%clk
00:50:52]} {[%emt 00:02:29]} 23. Nc2 {[%clk 00:10:47]} {[%emt 00:03:58]} Qa4
{[%clk 00:49:23]} {[%emt 00:01:56]} 24. Rc1 {[%clk 00:11:00]} {[%emt 00:00:20]}
Bxd5 {[%clk 00:49:07]} {[%emt 00:00:45]} 25. Na3 {[%clk 00:06:43]} {[%emt
00:04:47]} Be4 {[%clk 00:49:12]} {[%emt 00:00:25]} 26. Nc2 {[%clk 00:07:07]}
{[%emt 00:00:06]} Rb3 {[%clk 00:48:19]} {[%emt 00:01:22]} 27. f3 {[%clk
00:06:26]} {[%emt 00:01:13]} Bd3 {[%clk 00:45:33]} {[%emt 00:03:15]} 28. Rhe1
{[%clk 00:06:18]} {[%emt 00:00:38]} Rbb8 {[%clk 00:44:25]} {[%emt 00:01:38]}
29. g3 {[%clk 00:04:33]} {[%emt 00:02:16]} Bg7 {[%clk 00:43:02]} {[%emt
00:01:53]} 30. b3 {[%clk 00:03:08]} {[%emt 00:01:55]} Qc6 {[%clk 00:40:41]}
{[%emt 00:02:49]} 31. Qb2 {[%clk 00:02:21]} {[%emt 00:01:18]} Qxf3 {[%clk
00:40:25]} {[%emt 00:00:46]} 32. Bf4 {[%clk 00:02:02]} {[%emt 00:00:49]} Bxc2
{[%clk 00:21:45]} {[%emt 00:19:11]} 33. Rxe8+ {[%clk 00:02:05]} {[%emt
00:00:27]} Rxe8 {[%clk 00:22:08]} {[%emt 00:00:07]} 34. Rxc2 {[%clk 00:02:17]}
{[%emt 00:00:18]} Re1+ {[%clk 00:21:52]} {[%emt 00:00:46]} 35. Bc1 {[%clk
00:01:41]} {[%emt 00:01:06]} f4 {[%clk 00:18:51]} {[%emt 00:03:31]} 36. gxf4
{[%clk 00:01:38]} {[%emt 00:00:34]} Qxf4 {[%clk 00:18:33]} {[%emt 00:00:47]}
37. Qb1 {[%clk 00:01:28]} {[%emt 00:00:41]} Qf1 {[%clk 00:16:35]} {[%emt
00:02:26]} 38. Kb2 {[%clk 00:01:25]} {[%emt 00:00:34]} Bh6 {[%clk 00:16:22]}
{[%emt 00:00:42]} 39. a4 {[%clk 00:01:35]} {[%emt 00:00:21]} Bxc1+ {[%clk
00:10:03]} {[%emt 00:06:49]} 40. Rxc1 {[%clk 00:01:51]} {[%emt 00:00:14]} Rxc1
{[%clk 00:10:10]} {[%emt 00:00:22]} 41. Qxc1 {[%clk 00:02:15]} {[%emt
00:00:07]} Qxc1+ {[%clk 00:08:47]} {[%emt 00:01:53]} 42. Kxc1 {[%clk 00:28:57]}
{[%emt 00:03:48]} Kf8 {[%clk 00:39:12]} {[%emt 00:00:04]} 43. Kd2 {[%clk
00:23:40]} {[%emt 00:05:48]} Ke7 {[%clk 00:38:41]} {[%emt 00:01:00]} 44. Ke3
{[%clk 00:22:55]} {[%emt 00:01:15]} g5 {[%clk 00:35:54]} {[%emt 00:03:16]} 45.
Ke4 {[%clk 00:16:14]} {[%emt 00:07:13]} Ke6 {[%clk 00:36:11]} {[%emt 00:00:13]}
46. b4 {[%clk 00:15:06]} {[%emt 00:01:38]} f5+ {[%clk 00:36:14]} {[%emt
00:00:26]} 47. Kd3 {[%clk 00:15:06]} {[%emt 00:00:30]} cxb4 {[%clk 00:36:38]}
{[%emt 00:00:06]} 48. cxb4 {[%clk 00:15:30]} {[%emt 00:00:07]} Kd5 {[%clk
00:36:40]} {[%emt 00:00:27]} 49. Kc3 {[%clk 00:15:10]} {[%emt 00:00:51]} f4
{[%clk 00:36:52]} {[%emt 00:00:18]} 0-1